Hardest Colleges to Get Into in America (2025) - Statistics

General Stats
  • This quiz has been taken 85 times
  • The average score is 13 of 25
Answer Stats
Rank College % Correct
3 Harvard University
100%
7 Yale University
97%
8 Brown University
83%
6 Massachusetts Institute of Technology
83%
10 Princeton University
79%
12 Dartmouth College
76%
5 Columbia University
75%
13 University of Pennsylvania
75%
21 Cornell University
73%
4 Stanford University
72%
24 University of California - Los Angeles
69%
11 Duke University
61%
2 California Institute of Technology
55%
9 University of Chicago
53%
18 Northwestern University
51%
14 Vanderbilt University
48%
25 Rice University
47%
20 Amherst College
29%
19 John Hopkins University
23%
23 Williams College
21%
15 Northeastern University
20%
17 Pomona College
17%
16 Swarthmore College
13%
22 Colby College
11%
1 Minerva University
8%
No matching quizzes found
Score Distribution
Percent of People with Each Score
Percentile by Number Answered
Your Score History
You have not taken this quiz